UM Logo
Normal view MARC view
  • Amador, Emmanual.

Entry Personal Name

Number of records used in: 1

001 - CONTROL NUMBER

  • control field: 45020

003 - CONTROL NUMBER IDENTIFIER

  • control field: OSt

005 - DATE AND TIME OF LATEST TRANSACTION

  • control field: 20220412143025.0

008 - FIXED-LENGTH DATA ELEMENTS

  • fixed length control field: 220412|| aca||aabn | a|a d

040 ## - CATALOGING SOURCE

  • Original cataloging agency: OSt
  • Transcribing agency: OSt

100 ## - HEADING--PERSONAL NAME

  • Personal name: Amador, Emmanual.

670 ## - SOURCE DATA FOUND

  • Source citation: Work cat.: (OSt): Amador, Emmanual., Lawrence Hughes and the second internet/, ©2010-2011.